[Event "BRA-ch Regional Sul"]
[Site "Lages"]
[Date "2019.10.20"]
[Round "5"]
[White "Dos Santos, Jaisa Santana"]
[Black "Merkle, Carlos Gabriel"]
[Result "1-0"]
[WhiteElo "1800"]
[BlackElo "1025"]
[PlyCount "49"]
[EventDate "2019.10.18"]
[EventType "swiss"]
[EventRounds "5"]
[EventCountry "BRA"]
[SourceTitle "CBM 195 Extra"]
[Source "ChessBase"]
[SourceDate "2020.05.31"]
[SourceVersion "1"]
[SourceVersionDate "2020.05.31"]
[SourceQuality "1"]

1. e4 c5 2. Nf3 Nc6 3. d3 Nf6 4. g3 g6 5. Bg2 Bg7 6. 0-0 d6 7. h3 0-0 8. Be3 h6 9. Qc1 Kh7 10. Nh2 Be6 11. f4 Nd7 12. f5 Qb6 13. Nc3 Nd4 14. fxe6 Ne5 15. Bxd4 cxd4 16. Nd5 Qd8 17. exf7 Nxf7 18. Nf4 Qd7 19. Nf3 Ne5 20. Nxd4 g5 21. Nfe6 Rxf1+ 22. Qxf1 Nc6 23. Qf5+ Kh8 24. Nxc6 bxc6 25. Nxg7 1-0

[Event "BRA-ch Regional Sul"]
[Site "Lages"]
[Date "2019.10.18"]
[Round "2"]
[White "Fraga, Heitor Carneiro1111"]
[Black "Dos Santos, Jaisa Santana"]
[Result "0-1"]
[WhiteElo "1546"]
[BlackElo "1800"]
[PlyCount "66"]
[EventDate "2019.10.18"]
[EventType "swiss"]
[EventRounds "5"]
[EventCountry "BRA"]
[SourceTitle "CBM 195 Extra"]
[Source "ChessBase"]
[SourceDate "2020.05.31"]
[SourceVersion "1"]
[SourceVersionDate "2020.05.31"]
[SourceQuality "1"]

1. d4 d5 2. Bf4 e6 3. e3 Nf6 4. Bd3 Bd6 5. Bg3 0-0 6. Nf3 c5 7. c3 Nc6 8. Ne5 Qc7 9. f4 cxd4 10. exd4 Ne4 11. Nd2 f6 12. Nxc6 bxc6 13. Nxe4 dxe4 14. Bxe4 Rb8 15. Qd2 Ba6 16. 0-0-0 Rfd8 17. Qf2 c5 18. dxc5 Bxc5 19. Qc2 h6 20. Rxd8+ Rxd8 21. Kb1 f5 22. Qb3 Qf7 23. Bf3 Kh7 24. Re1 Rd6 25. Rd1 Bd3+ 26. Ka1 Rb6 27. Qa4 Bb5 28. Qc2 Ra6 29. Be2 e5 30. a3 Bxe2 31. Qxe2 Qb3 32. Rd2 Rb6 33. Qd1 Qb5 0-1